Κατάλογος Βιβλιοθηκών Mediterranean College

Πρακτικά Διεθνές Συνέδριο Εφηρμοσμένης Οικονομικής / Ερευνητικές Εργασίες Οικονομικής Ποσοτικής Ανάλυσης. (Record no. 2603)

MARC details
000 -LEADER
fixed length control field 01259cam a22001814a 4500
005 - ΗΜΕΡΟΜΗΝΙΑ ΚΑΙ ΩΡΑ ΤΕΛΕΥΤΑΙΑΣ ΕΝΗΜΕΡΩΣΗΣ
Πεδίο ελέγχου 20250605164048.0
008 - FIXED-LENGTH DATA ELEMENTS--GENERAL INFORMATION
Πεδίο ελέγχου σταθερού μήκους 250528s ||||||||||||||||||||||||d
035 ## - SYSTEM CONTROL NUMBER
System control number 17168
040 ## - ΠΗΓΗ ΚΑΤΑΛΟΓΟΓΡΑΦΗΣΗΣ
Φορέας πρωτότυπης καταλογογράφησης MC Athens Campus Library
Γλώσσα καταλογογράφησης Ελληνικά, Μοντέρνα (1453-)
Modifying agency MC Athens Campus Library
Κανόνες περιγραφικής καταλογογράφησης AACR2
245 1# - ΤΙΤΛΟΣ ΚΑΙ ΔΗΛΩΣΗ ΥΠΕΥΘΥΝΟΤΗΤΑΣ
Τίτλος Πρακτικά Διεθνές Συνέδριο Εφηρμοσμένης Οικονομικής / Ερευνητικές Εργασίες Οικονομικής Ποσοτικής Ανάλυσης.
Number of part/section of a work Τόμος Ι
260 ## - PUBLICATION, DISTRIBUTION, ETC.
Name of publisher, distributor, etc. Πανεπιστήμιο Πειραιώς,
Date of publication, distribution, etc. 1996
300 ## - PHYSICAL DESCRIPTION
Extent 368
520 ## - SUMMARY, ETC.
Summary, etc. Αντί Προλόγου, Εισαγωγή, Stochastic Variation of the Systematic Risk and the Measure of Pricing Effectiveness: Evidence from the Athens Stock Exchange, Κριτική της Μεθοδολογίας Ανάλυσης των Ατυχημάτων στην Παγκόσμιο Ποντοπόρο Ναυτιλία Προτάσεις - Βελτιώσεις, Η Χρησιμοποίηση των Λογιστικών Πληροφοριών από τα Διευθυντικά Στελέχη των Επιχειρήσεων: Μια Κοινωνικοτεχνική Προσέγγιση.
700 1# - ΠΡΟΣΘΕΤΗ ΑΝΑΓΡΑΦΗ--ΦΥΣΙΚΟ ΠΡΟΣΩΠΟ
Personal name Θαλασσινός Λευτέρης
9 (RLIN) 3323
942 ## - ADDED ENTRY ELEMENTS (KOHA)
Koha item type Books
Holdings
Τύπος τεκμηρίου Βιβλιοθήκη Τρέχουσα τοποθεσία Barcode Αριθμός εισαγωγής Ημερομηνία απόκτησης Ταξιθετικό σύμβολο Αριθμός αντιτύπου Κατάσταση απόσυρσης Κατάσταση χαμένου Κατάσταση κατεστραμμένου Μη δανεισμός Σύνολο δανεισμών Ημερομηνία τελευταίας εμφάνισης Η τιμή ισχύει από
Books MC Athens Campus Library MC Athens Campus Library 9780000026026 8277 05/06/2025 330 THA V.I 1           05/06/2025 05/06/2025

MC Athens Campus Library
Πατησίων 94 & Κοδριγκτώνος 13, 104 34
Πελλήνης 8 & Πατησίων 107, 112 51
Τ: +30 210 8899600

MC Thessaloniki Campus Library
Ίωνος Δραγούμη 21, 54625 | Ίωνος Δραγούμη 15, 54625
Τ: +30 2310 287779 – Τ: +30 2314 440300